Scottish planning policy (Record no. 110418)

MARC details
000 -LEADER
fixed length control field 02308cad a22002895a 4500
001 - CONTROL NUMBER
control field E149213
008 - FIXED-LENGTH DATA ELEMENTS--GENERAL INFORMATION
fixed length control field 100204s2010 xxk f s000 0 eng d
020 ## - INTERNATIONAL STANDARD BOOK NUMBER
International Standard Book Number 9780755991563
022 ## - INTERNATIONAL STANDARD SERIAL NUMBER
International Standard Serial Number 1741-1203
035 ## - SYSTEM CONTROL NUMBER
System control number (Sirsi) u149213
041 0# - LANGUAGE CODE
Language code of text/sound track or separate title eng
050 04 - LIBRARY OF CONGRESS CALL NUMBER
Classification number 711.1 $2 18
110 2# - MAIN ENTRY--CORPORATE NAME
Corporate name or jurisdiction name as entry element Scotland
Subordinate unit Scottish Government
9 (RLIN) 5344
245 00 - TITLE STATEMENT
Title Scottish planning policy
Medium [electronic resource]
260 ## - PUBLICATION, DISTRIBUTION, ETC.
Place of publication, distribution, etc. Edinburgh
Name of publisher, distributor, etc. Scottish Government
Date of publication, distribution, etc. 2009
505 2# - FORMATTED CONTENTS NOTE
Formatted contents note Introduction -- Development plans -- Development management -- Community engagement -- Sustainable economic growth -- Sustainable development -- Subject policies -- Outcomes -- Glossary
520 ## - SUMMARY, ETC.
Summary, etc. Sets out Scottish Government policy on land use planning and clarifies the purpose of planning, as well as the principles under which the system operates and the aims for key parts of the system. Also sets out statutory guidance on sustainable development and planning under the Planning etc. (Scotland) Act 2006 S3E, provides concise subject planning policies, and discusses expectations of the outcomes of the planning system.
520 ## - SUMMARY, ETC.
Summary, etc. The SPP supersedes the following documents, which are now revoked: SPP 2: Economic Development; SPP 3: Planning for Homes; SPP 4: Planning for Minerals; SPP 6: Renewable Energy; SPP 7: Planning and Flooding; SPP 8: Town Centres and Retailing; SPP 10: Planning for Waste Management; SPP 11: Open Space and Physical Activity; NPPG 12: Skiing Developments; NPPG 13: Coastal Planning; NPPG 14: Natural Heritage; SPP 15: Planning for Rural Development; SPP 16: Opencast Coal; SPP 17: Planning for Transport; NPPG 19: Radio Telecommunications; SPP 20: Role of Architecture and Design Scotland; SPP 21: Green Belts; SPP 22: Planning for Fish Farming; SPP 23: Planning and the Historic Environment; Circular 12/1986: Planning Control over Onshore Oil and Gas Operations; PAN 53: Classifying the Coast for Planning Purposes.
521 ## - TARGET AUDIENCE NOTE
Target audience note Advanced
590 ## - LOCAL NOTE (RLIN)
Local note KA
650 ## - SUBJECT ADDED ENTRY--TOPICAL TERM
Topical term or geographic name entry element SCOTTISH PLANNING POLICY
650 24 - SUBJECT ADDED ENTRY--TOPICAL TERM
Topical term or geographic name entry element PLANNING ETC. (SCOTLAND) ACT 2006
651 #4 - SUBJECT ADDED ENTRY--GEOGRAPHIC NAME
Geographic name Scotland
Chronological subdivision 1999-
690 ## - LOCAL SUBJECT ADDED ENTRY--TOPICAL TERM (OCLC, RLIN)
Topical term or geographic name as entry element ENVIRONMENTAL AND LAND CONSULTANCY-PLANNING AND DEVELOPMENT
856 40 - ELECTRONIC LOCATION AND ACCESS
Uniform Resource Identifier <a href="https://www.scotland.gov.uk/Publications/2010/02/03132605/0">https://www.scotland.gov.uk/Publications/2010/02/03132605/0</a>
Public note View the item free of charge at www.scotland.gov.uk...
942 ## - ADDED ENTRY ELEMENTS (KOHA)
Suppress in OPAC 0
Holdings
Withdrawn status Lost status Source of classification or shelving scheme Damaged status Not for loan Home library Current library Shelving location Date acquired Total Checkouts Full call number Barcode Date last seen Copy number Price effective from Koha item type
    Dewey Decimal Classification     Virtual Virtual Online 04/02/2010   ONLINE PUBLICATION 149213-2001 06/08/2019 1 06/08/2019 Book